[Event "Quebec op"]
[Site "Montreal CAN"]
[Date "2001.07.22"]
[Round "2"]
[White "Trottier, Yves"]
[Black "Ouellet-Leveille, Clement"]
[Result "1/2-1/2"]
[WhiteElo "2009"]
[BlackElo "1868"]
[PlyCount "54"]
[GameId "2160767911555445"]
[EventDate "2001.07.21"]
[EventType "swiss"]
[EventRounds "9"]
[EventCountry "CAN"]

1. e4 e5 2. Nf3 Nf6 3. d4 Nxe4 4. Bd3 d5 5. Nxe5 Bd6 6. O-O O-O 7. Bxe4 dxe4 8. Nc4 Nc6 9. Nxd6 Qxd6 10. c3 Qg6 11. Kh1 Bg4 12. Qd2 Rad8 13. Qg5 Qxg5 14. Bxg5 Rd5 15. Bf4 Rc8 16. Nd2 f5 17. f3 exf3 18. Nxf3 Bxf3 19. Rxf3 Ne7 20. Re1 Ng6 21. Bg3 c5 22. dxc5 Rcxc5 23. Bf2 Re5 24. Rfe3 Rxe3 25. Bxe3 Re5 26. Bf2 Rxe1+ 27. Bxe1 Ne5 1/2-1/2

[Event "Quebec op"]
[Site "Montreal CAN"]
[Date "2001.07.22"]
[Round "2"]
[White "Vaingorten, Yaaqov"]
[Black "Masse, Hugues"]
[Result "1/2-1/2"]
[WhiteElo "2321"]
[BlackElo "2144"]
[PlyCount "82"]
[GameId "2160767911555446"]
[EventDate "2001.07.21"]
[EventType "swiss"]
[EventRounds "9"]
[EventCountry "CAN"]

1. d4 Nf6 2. c4 g6 3. Nc3 d5 4. Nf3 Bg7 5. Bf4 O-O 6. e3 c5 7. dxc5 Qa5 8. Rc1 Ne4 9. cxd5 Nxc3 10. Qd2 Qxa2 11. bxc3 Qxd2+ 12. Nxd2 e6 13. d6 Nd7 14. Nb3 a5 15. Bb5 a4 16. Nd2 Nxc5 17. O-O Bd7 18. Be2 e5 19. Bg3 Bc6 20. Rfd1 Bf6 21. Nc4 Nd7 22. Na3 Rfd8 23. Bb5 Rac8 24. c4 Nc5 25. f3 e4 26. Bxc6 bxc6 27. Rb1 exf3 28. gxf3 Rb8 29. Nc2 Nb3 30. e4 Bc3 31. Bf2 Nd2 32. Rxb8 Rxb8 33. c5 Nxf3+ 34. Kh1 Ng5 35. Bd4 Nxe4 36. Kg1 Bxd4+ 37. Nxd4 Nxc5 38. Nxc6 Ra8 39. d7 Ne6 40. d8=Q+ Nxd8 41. Nxd8 Kf8 1/2-1/2

[Event "Quebec op"]
[Site "Montreal CAN"]
[Date "2001.07.22"]
[Round "3"]
[White "Bannon, Eric"]
[Black "St Amand, Paul Jr"]
[Result "1/2-1/2"]
[WhiteElo "2160"]
[BlackElo "2150"]
[PlyCount "49"]
[GameId "2160767911555447"]
[EventDate "2001.07.21"]
[EventType "swiss"]
[EventRounds "9"]
[EventCountry "CAN"]

1. e4 c5 2. Nf3 d6 3. d4 cxd4 4. Nxd4 Nf6 5. Nc3 a6 6. Be2 e5 7. Nb3 Be7 8. O-O O-O 9. Kh1 Be6 10. f4 exf4 11. Bxf4 Nc6 12. Nd4 Ne5 13. Nxe6 fxe6 14. Bxe5 dxe5 15. Bc4 Qc8 16. Bb3 Bb4 17. Qf3 Qc6 18. Qf5 Bxc3 19. bxc3 Rfe8 20. Qxe5 Qxe4 21. Rae1 Qxe5 22. Rxe5 Nd5 23. Rfe1 Nc7 24. Kg1 Rad8 25. Bxe6+ 1/2-1/2

[Event "Quebec op"]
[Site "Montreal CAN"]
[Date "2001.07.22"]
[Round "3"]
[White "Barbeau, Sylvain"]
[Black "Hua, Lefong"]
[Result "1-0"]
[WhiteElo "2365"]
[BlackElo "2267"]
[PlyCount "103"]
[GameId "2160767911555448"]
[EventDate "2001.07.21"]
[EventType "swiss"]
[EventRounds "9"]
[EventCountry "CAN"]
[SourceTitle "EXT 2002"]
[Source "ChessBase"]
[SourceDate "2001.11.25"]
[SourceVersion "1"]
[SourceVersionDate "2001.11.25"]
[SourceQuality "1"]

1. f4 c5 2. Nf3 g6 3. g3 Bg7 4. Bg2 Nc6 5. O-O d6 6. d3 e6 7. c3 Nge7 8. a3 O-O 9. e4 Rb8 10. Be3 b6 11. Qc2 f5 12. exf5 Nxf5 13. Bf2 d5 14. Re1 Qd6 15. Nbd2 Bd7 16. Rad1 Nh6 17. d4 c4 18. Ne5 Nxe5 19. dxe5 Qc6 20. Nf3 Qa4 21. Qd2 Nf5 22. Ng5 Ne7 23. Ne4 Rbd8 24. Nd6 Qc6 25. g4 Bh6 26. Be3 Nc8 27. Nxc8 Bxc8 28. Rf1 Bg7 29. Bd4 Qc7 30. Qe3 Qe7 31. h3 Bh6 32. g5 Bg7 33. Qg3 Qf7 34. Rd2 Qf5 35. h4 h5 36. gxh6 Bxh6 37. Rdf2 Kh7 38. Bh3 Qe4 39. Bg2 Qf5 40. Bh3 Qe4 41. Bg4 Rf7 42. Bd1 Qf5 43. Bc2 Qh5 44. Rg2 Rg7 45. Qg4 Qxg4 46. Rxg4 Kh8 47. Bxg6 Rdg8 48. h5 Bd7 49. Rf2 Ba4 50. Rgg2 Be8 51. f5 Bxg6 52. hxg6 1-0

[Event "Quebec op"]
[Site "Montreal CAN"]
[Date "2001.07.22"]
[Round "3"]
[White "Beaulieu, Pierre"]
[Black "Beaulieu, Eric"]
[Result "1/2-1/2"]
[WhiteElo "2059"]
[BlackElo "2216"]
[PlyCount "59"]
[GameId "2160767911555449"]
[EventDate "2001.07.21"]
[EventType "swiss"]
[EventRounds "9"]
[EventCountry "CAN"]

1. e4 e6 2. d4 d5 3. Nd2 c5 4. exd5 exd5 5. Ngf3 Nf6 6. Be2 c4 7. O-O Nc6 8. c3 Bd6 9. b3 cxb3 10. axb3 O-O 11. Bd3 Re8 12. Qc2 Bg4 13. h3 Bh5 14. Ba3 Bxa3 15. Rxa3 Rc8 16. Bb5 Ne4 17. Bxc6 Nxd2 18. Nxd2 Rxc6 19. Rxa7 Be2 20. Re1 Ba6 21. Rxe8+ Qxe8 22. Qf5 g6 23. Qxd5 Qe1+ 24. Kh2 Qxd2 25. Ra8+ Kg7 26. Qe5+ Rf6 27. Qe8 Rxf2 28. Qf8+ Kf6 29. Qd8+ Kg7 30. Qf8+ 1/2-1/2

[Event "Quebec op"]
[Site "Montreal CAN"]
[Date "2001.07.22"]
[Round "3"]
[White "Constantineau, Yvan"]
[Black "Belanger, Jacques"]
[Result "1-0"]
[WhiteElo "2169"]
[BlackElo "1983"]
[PlyCount "159"]
[GameId "2160767911555452"]
[EventDate "2001.07.21"]
[EventType "swiss"]
[EventRounds "9"]
[EventCountry "CAN"]

1. d4 Nf6 2. c4 g6 3. Nc3 Bg7 4. e4 d6 5. Be2 O-O 6. Nf3 e5 7. O-O Nc6 8. d5 Ne7 9. Ne1 Nd7 10. f3 f5 11. g4 f4 12. h4 Kf7 13. Ng2 a5 14. Bd2 Nc5 15. b3 Bd7 16. Be1 Ng8 17. Bf2 b6 18. Kh2 Nf6 19. Ne1 Ne8 20. Rh1 Bf6 21. Kg2 Rg8 22. Nd3 Nxd3 23. Bxd3 Ng7 24. Kf1 Qc8 25. Nb5 Be7 26. a3 Rh8 27. Ke2 Ne8 28. Kd2 Nf6 29. Nc3 Rg8 30. Be2 Rf8 31. b4 Qb7 32. Qb3 axb4 33. axb4 Rxa1 34. Rxa1 Ra8 35. Ra3 h5 36. g5 Nh7 37. Qa2 Rxa3 38. Qxa3 Bc8 39. Nb5 Kg7 40. c5 bxc5 41. bxc5 Bh3 42. cxd6 cxd6 43. Qa7 Qxa7 44. Bxa7 Bd7 45. Bb8 Bxb5 46. Bxb5 Kf7 47. Kc3 Bxg5 48. hxg5 Ke7 49. Ba7 Nxg5 50. Be2 Nh7 51. Kd2 g5 52. Bf2 Nf6 53. Ke1 g4 54. Bh4 g3 55. Bf1 Kf7 56. Bh3 Ne8 57. Bd8 Ng7 58. Kf1 Ke8 59. Bh4 Kf7 60. Bd7 Kf8 61. Kg2 Kf7 62. Kh3 Kf8 63. Kg2 Kf7 64. Kf1 Kf8 65. Bh3 Kf7 66. Ke2 Kf8 67. Kd3 Kf7 68. Kc4 Ne8 69. Kb5 Nf6 70. Kc6 Ne8 71. Kd7 Kf8 72. Bg2 Kf7 73. Bh3 Kf8 74. Be7+ Kf7 75. Bxd6 Nf6+ 76. Kc6 Ng4 77. Bc5 Ne3 78. d6 g2 79. Bxg2 Nxg2 80. d7 1-0

[Event "Quebec op"]
[Site "Montreal CAN"]
[Date "2001.07.22"]
[Round "3"]
[White "Dubuc, Gabriel"]
[Black "Robichaud, Louis"]
[Result "1-0"]
[WhiteElo "2023"]
[BlackElo "2169"]
[PlyCount "69"]
[GameId "2160767911555454"]
[EventDate "2001.07.21"]
[EventType "swiss"]
[EventRounds "9"]
[EventCountry "CAN"]

1. e4 e5 2. f4 exf4 3. Nf3 d6 4. Bc4 h6 5. O-O g5 6. d4 Bg7 7. c3 Ne7 8. Qb3 O-O 9. Nbd2 Nbc6 10. Qc2 d5 11. Bd3 dxe4 12. Nxe4 Nd5 13. g3 Bh3 14. Rf2 Ne3 15. Bxe3 fxe3 16. Re2 Qe7 17. Rae1 Bg4 18. Kg2 Bxf3+ 19. Kxf3 Bxd4 20. Kg2 Bb6 21. Rf1 Ne5 22. Nf6+ Kh8 23. h4 g4 24. Bc4 Ng6 25. h5 Rad8 26. hxg6 fxg6 27. Qxg6 Qg7 28. Qxg7+ Kxg7 29. Nxg4 Rfe8 30. Rf7+ Kg6 31. Rf3 Rd2 32. Bf7+ Kg5 33. Bxe8 Kxg4 34. Rxd2 exd2 35. Rd3 1-0

[Event "Quebec op"]
[Site "Montreal CAN"]
[Date "2001.07.22"]
[Round "3"]
[White "Feoktistov, Dmitri"]
[Black "Oral, Tomas"]
[Result "0-1"]
[WhiteElo "2009"]
[BlackElo "2540"]
[PlyCount "88"]
[GameId "2160767911555455"]
[EventDate "2001.07.21"]
[EventType "swiss"]
[EventRounds "9"]
[EventCountry "CAN"]
[SourceTitle "EXT 2002"]
[Source "ChessBase"]
[SourceDate "2001.11.25"]
[SourceVersion "1"]
[SourceVersionDate "2001.11.25"]
[SourceQuality "1"]

1. d4 Nf6 2. c4 g6 3. Nc3 d5 4. cxd5 Nxd5 5. Nf3 Bg7 6. e3 O-O 7. Qb3 Nxc3 8. bxc3 c5 9. Be2 Nc6 10. O-O Na5 11. Qa3 Qc7 12. Rb1 b6 13. Bd2 Be6 14. dxc5 Nc4 15. Bxc4 Bxc4 16. Rfc1 Qxc5 17. Qxc5 bxc5 18. Rb7 Bxa2 19. Ra1 Bd5 20. Rbxa7 Rxa7 21. Rxa7 Rb8 22. Ra1 Rb2 23. Rd1 Bxf3 24. gxf3 Rc2 25. e4 Bxc3 26. Be3 Bb2 27. Rd5 c4 28. Rc5 f6 29. f4 Kf7 30. f5 Ke8 31. Ra5 Be5 32. Ra8+ Kd7 33. Ra7+ Kc6 34. Rxe7 gxf5 35. exf5 h5 36. Rh7 c3 37. Rxh5 Re2 38. Rh4 Kd5 39. Rh8 c2 40. Rc8 Bb2 41. Kf1 Rxe3 42. Rxc2 Rb3 43. Re2 Bd4 44. h4 Rh3 0-1

[Event "Quebec op"]
[Site "Montreal CAN"]
[Date "2001.07.22"]
[Round "3"]
[White "Fillion, Steve"]
[Black "Rozentalis, Eduardas"]
[Result "0-1"]
[WhiteElo "2151"]
[BlackElo "2588"]
[PlyCount "78"]
[GameId "2160767911555456"]
[EventDate "2001.07.21"]
[EventType "swiss"]
[EventRounds "9"]
[EventCountry "CAN"]
[SourceTitle "EXT 2002"]
[Source "ChessBase"]
[SourceDate "2001.11.25"]
[SourceVersion "1"]
[SourceVersionDate "2001.11.25"]
[SourceQuality "1"]

1. e4 e6 2. d4 d5 3. Nc3 Bb4 4. a3 Bxc3+ 5. bxc3 Ne7 6. e5 c5 7. Nf3 Qa5 8. Bd2 Bd7 9. Bd3 Nbc6 10. O-O c4 11. Be2 f6 12. Re1 fxe5 13. dxe5 O-O-O 14. Nd4 Nxe5 15. f4 N5c6 16. Bg4 Nxd4 17. cxd4 Qb6 18. Bb4 Nc6 19. Bc5 Qc7 20. Qd2 Rde8 21. a4 b6 22. Ba3 Kb7 23. Re2 h5 24. Bf3 g6 25. Ree1 Ka8 26. c3 Na5 27. Bd1 Nb3 28. Bxb3 cxb3 29. Bb2 a5 30. Qd3 Qc4 31. Qxc4 dxc4 32. h4 Ref8 33. g3 g5 34. hxg5 h4 35. Kh2 hxg3+ 36. Kxg3 e5 37. fxe5 Rh3+ 38. Kg2 Rd3 39. Rad1 Bc6+ 0-1

[Event "Quebec op"]
[Site "Montreal CAN"]
[Date "2001.07.22"]
[Round "3"]
[White "Gaspariants, Vladimir"]
[Black "Lemieux, Serge"]
[Result "1-0"]
[WhiteElo "2239"]
[BlackElo "1503"]
[PlyCount "61"]
[GameId "2160767911555457"]
[EventDate "2001.07.21"]
[EventType "swiss"]
[EventRounds "9"]
[EventCountry "CAN"]

1. Nf3 Nf6 2. g3 g6 3. Bg2 Bg7 4. O-O d6 5. d3 O-O 6. Nbd2 c6 7. c3 Nbd7 8. Qc2 e5 9. b4 Re8 10. a4 d5 11. e4 Nf8 12. Nb3 Qc7 13. h3 dxe4 14. dxe4 b6 15. a5 Be6 16. Re1 Rad8 17. Bf1 Rd7 18. Ng5 Red8 19. Nxe6 Nxe6 20. axb6 axb6 21. Be3 Bf8 22. Ra2 Qb7 23. f3 Nc7 24. Qf2 Ra8 25. Rb2 Nb5 26. Bxb5 cxb5 27. Bxb6 Rb8 28. Bc5 Rc7 29. Ra2 Bxc5 30. Nxc5 Qb6 31. Ra6 1-0

[Event "Quebec op"]
[Site "Montreal CAN"]
[Date "2001.07.22"]
[Round "3"]
[White "Grondin, Jean-Philippe"]
[Black "Audet-Bouchard, Nicolas"]
[Result "1-0"]
[WhiteElo "2217"]
[BlackElo "2069"]
[PlyCount "71"]
[GameId "2160767911555458"]
[EventDate "2001.07.21"]
[EventType "swiss"]
[EventRounds "9"]
[EventCountry "CAN"]

1. e4 c5 2. Nf3 Nc6 3. d4 cxd4 4. Nxd4 g6 5. c4 Bg7 6. Be3 Nf6 7. Nc3 Ng4 8. Qxg4 Nxd4 9. Qd1 Nc6 10. Rc1 O-O 11. Be2 d6 12. Qd2 Be6 13. O-O Rc8 14. Nd5 b6 15. Nc3 f5 16. f3 Qc7 17. b3 Qb7 18. Bd3 Ne5 19. Bb1 Bd7 20. Rfe1 Bc6 21. Rf1 a6 22. h3 b5 23. f4 Nd7 24. exf5 gxf5 25. g4 fxg4 26. Qd3 Nf6 27. hxg4 bxc4 28. bxc4 Kh8 29. g5 Rg8 30. Rf2 e5 31. gxf6 Bxf6+ 32. Kf1 Bh4 33. Rh2 Bg2+ 34. Ke2 exf4 35. Bd4+ Rg7 36. Qxh7# 1-0

[Event "Quebec op"]
[Site "Montreal CAN"]
[Date "2001.07.22"]
[Round "3"]
[White "Masse, Hugues"]
[Black "Trottier, Julie"]
[Result "1-0"]
[WhiteElo "2144"]
[BlackElo "1967"]
[PlyCount "89"]
[GameId "2160767911555460"]
[EventDate "2001.07.21"]
[EventType "swiss"]
[EventRounds "9"]
[EventCountry "CAN"]

1. e4 d5 2. exd5 Qxd5 3. Nc3 Qa5 4. d4 Nf6 5. Nf3 Bg4 6. h3 Bf5 7. g4 Bg6 8. Ne5 e6 9. Bg2 c6 10. h4 Be4 11. Bxe4 Nxe4 12. Qf3 Nd6 13. Bf4 Na6 14. O-O-O Be7 15. Nxc6 Qc7 16. Nxe7 Qxe7 17. Bxd6 Qxd6 18. Qxb7 O-O 19. Qe4 Rab8 20. Rd3 Qb4 21. b3 Rfc8 22. Kb2 Rc4 23. Qe3 Qb7 24. f3 Nb4 25. Rd2 Rbc8 26. Qe4 Qxe4 27. Nxe4 Rxc2+ 28. Rxc2 Rxc2+ 29. Kb1 Rxa2 30. Rc1 f5 31. Ng5 g6 32. Rc4 Rh2 33. Rxb4 Rxh4 34. Rb8+ Kg7 35. Rb7+ Kg8 36. Nxe6 fxg4 37. fxg4 Rxg4 38. d5 Re4 39. d6 Rxe6 40. d7 Rd6 41. Rb8+ Kf7 42. d8=Q Rxd8 43. Rxd8 h5 44. Kc2 Kf6 45. Kd2 1-0

[Event "Quebec op"]
[Site "Montreal CAN"]
[Date "2001.07.22"]
[Round "3"]
[White "Michaud, Gerald"]
[Black "Trottier, Yves"]
[Result "1-0"]
[WhiteElo "1943"]
[BlackElo "2009"]
[PlyCount "65"]
[GameId "2160767911555461"]
[EventDate "2001.07.21"]
[EventType "swiss"]
[EventRounds "9"]
[EventCountry "CAN"]

1. d4 d5 2. Nf3 e6 3. Nbd2 Nf6 4. e3 Be7 5. Bd3 O-O 6. O-O b6 7. Qe2 Bb7 8. Ne5 Ne4 9. f3 Nxd2 10. Bxd2 f6 11. Ng4 Re8 12. c3 Bd6 13. e4 e5 14. dxe5 fxe5 15. exd5 Bxd5 16. Nf2 Bc5 17. Be3 Nd7 18. Rad1 Bxe3 19. Qxe3 Bxa2 20. Qe4 g6 21. Bb5 Be6 22. Qa4 Re7 23. Ne4 Rf7 24. Bc6 Rb8 25. Bxd7 Bxd7 26. Rxd7 Rxd7 27. Qxd7 Qxd7 28. Nf6+ Kf7 29. Nxd7 Re8 30. Re1 Ke6 31. Nxe5 Kd5 32. f4 b5 33. Kf2 1-0

[Event "Quebec op"]
[Site "Montreal CAN"]
[Date "2001.07.22"]
[Round "3"]
[White "Ouellet-Leveille, Clement"]
[Black "Luksza, Arkadiusz"]
[Result "0-1"]
[WhiteElo "1868"]
[BlackElo "2241"]
[PlyCount "80"]
[GameId "2160767911555463"]
[EventDate "2001.07.21"]
[EventType "swiss"]
[EventRounds "9"]
[EventCountry "CAN"]

1. e4 g6 2. d4 Bg7 3. Nc3 d6 4. Nf3 Nf6 5. Bf4 O-O 6. Qd2 c6 7. Bh6 b5 8. Bxg7 Kxg7 9. Bd3 a6 10. e5 Ne8 11. exd6 exd6 12. O-O Nd7 13. Rfe1 Nb6 14. Ne4 Bb7 15. Qf4 h6 16. h4 Nd5 17. Qg3 Ndf6 18. Qf4 Nh5 19. Qd2 f5 20. Nc3 Nef6 21. b4 Qc7 22. Re2 Rae8 23. Rae1 Rxe2 24. Qxe2 Re8 25. Qd2 Rxe1+ 26. Qxe1 Ng4 27. Nh2 Nxh2 28. Kxh2 c5 29. bxc5 dxc5+ 30. Qe5+ Qxe5+ 31. dxe5 Nf4 32. g3 Ne6 33. a3 Nd4 34. Nd1 c4 35. Bf1 Nxc2 36. a4 Nd4 37. Nc3 b4 38. Na2 b3 39. Bxc4 bxa2 40. Bxa2 Nf3+ 0-1

[Event "Quebec op"]
[Site "Montreal CAN"]
[Date "2001.07.22"]
[Round "3"]
[White "Plante, Michel"]
[Black "Roy, Alain"]
[Result "0-1"]
[WhiteElo "1975"]
[BlackElo "2146"]
[PlyCount "68"]
[GameId "2160767911555464"]
[EventDate "2001.07.21"]
[EventType "swiss"]
[EventRounds "9"]
[EventCountry "CAN"]

1. d4 Nf6 2. Nf3 g6 3. Bg5 Bg7 4. Nbd2 O-O 5. e4 d6 6. c3 c6 7. Qc2 Qc7 8. Bd3 Nbd7 9. Bf4 e5 10. dxe5 dxe5 11. Bg3 Nh5 12. O-O-O a5 13. h4 a4 14. Bh2 b5 15. Kb1 Nc5 16. Ne1 Be6 17. Be2 Nf6 18. f3 Nfd7 19. Nd3 Bh6 20. c4 Nxd3 21. Qxd3 b4 22. Nf1 Rfc8 23. Bg1 Bf8 24. Be3 Rd8 25. Qd2 Nb6 26. Bxb6 Qxb6 27. Qc1 Rxd1 28. Qxd1 a3 29. Qc1 Qf2 30. Qd2 axb2 31. Bd1 Qc5 32. Bb3 Bxc4 33. Bxc4 Qxc4 34. Qxb2 Qd3+ 0-1

[Event "Quebec op"]
[Site "Montreal CAN"]
[Date "2001.07.22"]
[Round "3"]
[White "Poulin, Maurice"]
[Black "Smith, Andrew"]
[Result "1-0"]
[WhiteElo "2084"]
[BlackElo "1922"]
[PlyCount "79"]
[GameId "2160767911555465"]
[EventDate "2001.07.21"]
[EventType "swiss"]
[EventRounds "9"]
[EventCountry "CAN"]

1. e4 c6 2. Nc3 d5 3. Nf3 Bg4 4. h3 Bh5 5. g4 Bg6 6. exd5 cxd5 7. Ne5 Nc6 8. Bb5 Rc8 9. d4 e6 10. h4 Bb4 11. h5 Be4 12. f3 Nge7 13. fxe4 O-O 14. Nxc6 Nxc6 15. Bxc6 Rxc6 16. Bd2 dxe4 17. Ne2 Be7 18. O-O f5 19. c3 g5 20. hxg6 hxg6 21. Nf4 Qd6 22. Qe2 e5 23. dxe5 Qxe5 24. Be3 g5 25. gxf5 gxf4 26. Qg4+ Kh7 27. Qh5+ Rh6 28. Qxh6+ Kxh6 29. Bxf4+ Qxf4 30. Rxf4 Bc5+ 31. Kg2 Kg5 32. Rxe4 Rxf5 33. Rf1 Rd5 34. Re2 Kg6 35. Rf3 Rd1 36. b4 Bb6 37. c4 Kg5 38. c5 Bc7 39. Rf7 Bf4 40. Rxb7 1-0

[Event "Quebec op"]
[Site "Montreal CAN"]
[Date "2001.07.22"]
[Round "3"]
[White "Prahov, Valentin"]
[Black "Linskiy, Oleg"]
[Result "0-1"]
[WhiteElo "2224"]
[BlackElo "2412"]
[PlyCount "112"]
[GameId "2160767911555466"]
[EventDate "2001.07.21"]
[EventType "swiss"]
[EventRounds "9"]
[EventCountry "CAN"]
[SourceTitle "EXT 2002"]
[Source "ChessBase"]
[SourceDate "2001.11.25"]
[SourceVersion "1"]
[SourceVersionDate "2001.11.25"]
[SourceQuality "1"]

1. e4 d6 2. d4 Nf6 3. Nc3 g6 4. f3 c6 5. Be3 Bg7 6. Qd2 b5 7. a3 Nbd7 8. Rd1 Qc7 9. Bd3 a6 10. Nge2 O-O 11. Bh6 c5 12. Bxg7 Kxg7 13. dxc5 dxc5 14. Nf4 e6 15. O-O Bb7 16. Be2 Rad8 17. Qd6 Qxd6 18. Rxd6 Ne5 19. Rfd1 Rxd6 20. Rxd6 Nc6 21. Kf2 g5 22. Nh3 h6 23. Ke3 Rc8 24. Nf2 Kf8 25. Rd2 Ke7 26. Nd3 Nd7 27. g3 Na5 28. Ne1 Nb6 29. b3 Nc6 30. Na2 Nd4 31. Bd1 e5 32. c3 Ne6 33. Nd3 f6 34. Nb2 h5 35. Be2 h4 36. g4 Bc6 37. Bf1 Be8 38. Rd1 Bf7 39. a4 Nf4 40. Nc1 bxa4 41. Nxa4 Nxa4 42. bxa4 c4 43. Na2 a5 44. Rb1 Be8 45. Rb7+ Kf8 46. Ra7 Rc5 47. Ra8 Kf7 48. Ra7+ Kg6 49. Nc1 Bxa4 50. Kd2 Rb5 51. Bxc4 Rb2+ 52. Ke3 Ng2+ 53. Kd3 Bc2+ 54. Kd2 Bb3+ 55. Kd3 Nf4+ 56. Ke3 Bxc4 0-1

[Event "Quebec op"]
[Site "Montreal CAN"]
[Date "2001.07.22"]
[Round "3"]
[White "Sullivan, Neil"]
[Black "Vaingorten, Yaaqov"]
[Result "0-1"]
[WhiteElo "2094"]
[BlackElo "2194"]
[PlyCount "84"]
[GameId "2160767911555467"]
[EventDate "2001.07.21"]
[EventType "swiss"]
[EventRounds "9"]
[EventCountry "CAN"]
[SourceTitle "EXT 2002"]
[Source "ChessBase"]
[SourceDate "2001.11.25"]
[SourceVersion "1"]
[SourceVersionDate "2001.11.25"]
[SourceQuality "1"]

1. e4 e6 2. d3 c5 3. Nf3 Nc6 4. g3 g6 5. Bg2 Bg7 6. O-O Nge7 7. Nbd2 O-O 8. Re1 d6 9. c3 Rb8 10. a4 a6 11. Nf1 b5 12. axb5 axb5 13. Bd2 Bb7 14. h4 Ra8 15. Rxa8 Qxa8 16. Qc1 Re8 17. Bh6 Bh8 18. Ne3 Ne5 19. Nxe5 dxe5 20. Bh3 Qa6 21. Kh2 f5 22. Qd1 Qa2 23. Re2 Rd8 24. Rd2 Qa6 25. f3 Kf7 26. Bg5 Rd7 27. f4 Qd6 28. Nf1 Bg7 29. Qe2 Nc6 30. Bg2 Qf8 31. h5 Qc8 32. exf5 exf5 33. fxe5 Nxe5 34. Bxb7 Qxb7 35. Kh3 Nf3 36. hxg6+ hxg6 37. Qe3 Nxd2 38. Qxd2 Qf3 39. Nh2 Qxd3 40. Qf2 Qc4 41. Nf3 Qe4 42. Bf4 Bf6 0-1

[Event "Quebec op"]
[Site "Montreal CAN"]
[Date "2001.07.22"]
[Round "3"]
[White "Turov, Maxim"]
[Black "Fortier, Marc-Andre"]
[Result "1-0"]
[WhiteElo "2550"]
[BlackElo "2073"]
[PlyCount "83"]
[GameId "2160767911555468"]
[EventDate "2001.07.21"]
[EventType "swiss"]
[EventRounds "9"]
[EventCountry "CAN"]

1. e4 c5 2. Nf3 d6 3. Bb5+ Bd7 4. Bxd7+ Qxd7 5. c4 Nc6 6. Nc3 g6 7. d4 cxd4 8. Nxd4 Bg7 9. Be3 Nf6 10. f3 O-O 11. O-O Rfd8 12. Qd2 e6 13. Rfd1 d5 14. cxd5 exd5 15. Nxc6 bxc6 16. e5 Ne8 17. f4 f6 18. Bd4 fxe5 19. Bxe5 Bxe5 20. fxe5 Qe7 21. Re1 Ng7 22. Nd1 Ne6 23. Nf2 Rab8 24. Rac1 c5 25. Ng4 d4 26. Rf1 Rf8 27. Nf6+ Kh8 28. Rf3 Rf7 29. b3 Rbf8 30. Qh6 Qc7 31. Rcf1 Qxe5 32. Nxh7 Qg7 33. Qxg7+ Kxg7 34. Nxf8 Rxf8 35. Rxf8 Nxf8 36. Kf2 Kf6 37. Ke2+ Ke7 38. Kd3 Nd7 39. h4 Kd6 40. Ke4 a5 41. g4 Ke6 42. g5 1-0

[Event "Quebec op"]
[Site "Montreal CAN"]
[Date "2001.07.22"]
[Round "3"]
[White "Voskanyan, Vahagn"]
[Black "Gilman, Arkadiy"]
[Result "1-0"]
[WhiteElo "2390"]
[BlackElo "2115"]
[PlyCount "61"]
[GameId "2160767911555469"]
[EventDate "2001.07.21"]
[EventType "swiss"]
[EventRounds "9"]
[EventCountry "CAN"]

1. e4 e6 2. d4 d5 3. Nd2 Nf6 4. Bd3 c5 5. dxc5 dxe4 6. Nxe4 Nxe4 7. Bxe4 Qxd1+ 8. Kxd1 Bxc5 9. f4 Nc6 10. Nf3 Bd7 11. c3 f6 12. Re1 O-O 13. Be3 Bxe3 14. Rxe3 Rfd8 15. Ke1 Kf7 16. Kf2 Be8 17. Rae1 Rd6 18. Bd3 Bd7 19. Nd2 Ne7 20. Ne4 Rb6 21. R3e2 Rc8 22. c4 Rc7 23. b3 Kf8 24. Rd2 Ng6 25. g3 Ne7 26. c5 Rb4 27. Bc4 b5 28. a3 Rxc4 29. bxc4 bxc4 30. Rc1 Bc6 31. Rd8+ 1-0

[Event "Quebec op"]
[Site "Montreal CAN"]
[Date "2001.07.23"]
[Round "4"]
[White "Audet-Bouchard, Nicolas"]
[Black "Sullivan, Neil"]
[Result "0-1"]
[WhiteElo "2069"]
[BlackElo "2138"]
[PlyCount "78"]
[GameId "2160767911555471"]
[EventDate "2001.07.21"]
[EventType "swiss"]
[EventRounds "9"]
[EventCountry "CAN"]

1. e4 c5 2. Nf3 Nc6 3. d4 cxd4 4. Nxd4 g6 5. Nc3 Bg7 6. Be3 Nf6 7. Nxc6 bxc6 8. e5 Nd5 9. Nxd5 cxd5 10. Qxd5 Rb8 11. Bxa7 Rxb2 12. Bd4 Rb8 13. Qc5 O-O 14. Bd3 Bb7 15. O-O d6 16. Qc3 dxe5 17. Ba7 e4 18. Qb3 exd3 19. Rad1 Qd5 20. Qxd5 Bxd5 21. Bxb8 Rxb8 22. cxd3 Bxa2 23. Rd2 Be6 24. h3 Rd8 25. Rfd1 Bd4 26. Re2 h5 27. Re4 Rd7 28. g4 hxg4 29. hxg4 Kg7 30. Rd2 Bc3 31. Rd1 Bd5 32. Re3 e5 33. Rg3 Rb7 34. g5 Rb2 35. Rh3 Bd4 36. Rf1 Kf8 37. Rh8+ Ke7 38. Rh3 Ke6 39. Rg3 Kf5 0-1

[Event "Quebec op"]
[Site "Montreal CAN"]
[Date "2001.07.23"]
[Round "4"]
[White "Bannon, Eric"]
[Black "Voskanyan, Vahagn"]
[Result "1-0"]
[WhiteElo "2160"]
[BlackElo "2390"]
[PlyCount "117"]
[GameId "2160767911555472"]
[EventDate "2001.07.21"]
[EventType "swiss"]
[EventRounds "9"]
[EventCountry "CAN"]

1. e4 e6 2. d4 d5 3. Nd2 dxe4 4. Nxe4 Nd7 5. Nf3 Ngf6 6. Bd3 Be7 7. Qe2 Nxe4 8. Qxe4 Nf6 9. Qe2 O-O 10. Bd2 b6 11. O-O-O Bb7 12. h4 c5 13. dxc5 Qd5 14. Kb1 Qxc5 15. Rh3 Rfd8 16. Ne5 Rd5 17. Bc3 Rad8 18. Re1 Qd6 19. a3 a5 20. Rg3 Rc5 21. Nc4 Qf4 22. Be5 Qh6 23. Nxb6 Bd6 24. Rg5 Rxe5 25. Rxe5 Bxe5 26. Qxe5 Bxg2 27. Qxa5 Qxh4 28. Nc4 Ra8 29. Qc5 Ng4 30. Re2 Bf3 31. Rd2 Bd5 32. b3 Qh1+ 33. Kb2 Qf3 34. Nb6 Re8 35. Bb5 Rd8 36. Nxd5 exd5 37. Bc6 Qf6+ 38. Ka2 d4 39. Bd5 h5 40. Qxd4 Qxd4 41. Rxd4 Kf8 42. a4 Ne5 43. a5 Rd6 44. b4 g5 45. c3 h4 46. Bb7 Rxd4 47. cxd4 Nd7 48. a6 Nb6 49. a7 h3 50. a8=Q+ Nxa8 51. Bxa8 Ke7 52. Kb3 f5 53. Kc3 g4 54. Kd2 f4 55. Ke2 h2 56. Bh1 Kd6 57. b5 Kd7 58. Kd3 f3 59. Ke3 1-0

[Event "Quebec op"]
[Site "Montreal CAN"]
[Date "2001.07.23"]
[Round "4"]
[White "Beaulieu, Eric"]
[Black "Constantineau, Yvan"]
[Result "1/2-1/2"]
[WhiteElo "2218"]
[BlackElo "2169"]
[PlyCount "106"]
[GameId "2160767911555473"]
[EventDate "2001.07.21"]
[EventType "swiss"]
[EventRounds "9"]
[EventCountry "CAN"]

1. Nf3 d5 2. d4 e6 3. g3 c5 4. Bg2 Nc6 5. c3 Nf6 6. O-O Be7 7. Bf4 O-O 8. Nbd2 Qb6 9. Qb3 Bd7 10. dxc5 Bxc5 11. Ne5 Nxe5 12. Bxe5 Ng4 13. Qxb6 Bxb6 14. Bd4 Bxd4 15. cxd4 Rac8 16. Rfc1 Rxc1+ 17. Rxc1 Rc8 18. Rxc8+ Bxc8 19. h3 Nf6 20. f3 Kf8 21. e4 b6 22. e5 Ne8 23. Kf2 Ba6 24. Ke3 Ke7 25. h4 f6 26. f4 f5 27. Bf3 g6 28. h5 gxh5 29. Bxh5 Ng7 30. Bd1 Bb5 31. b4 Be8 32. Nb1 Kd8 33. Nc3 Kc7 34. Be2 a5 35. a3 axb4 36. axb4 Bc6 37. Nb5+ Bxb5 38. Bxb5 Kd8 39. Kf3 h6 40. Kg2 Ke7 41. Kh3 Kf7 42. Kh4 Kg6 43. Be2 Kf7 44. Bd3 Kf8 45. g4 Kf7 46. g5 Kg6 47. gxh6 Kxh6 48. Be2 Kg6 49. Bb5 Kh6 50. Bd7 Kg6 51. Kg3 Kf7 52. Ba4 Kg6 53. Kf2 Kf7 1/2-1/2